மஞ்சள் நிற பைத்தியங்கள் (Record no. 1594792)

MARC details
000 -LEADER
fixed length control field 00902nam a22002537a 4500
005 - DATE AND TIME OF LATEST TRANSACTION
control field 20240219142929.0
008 - FIXED-LENGTH DATA ELEMENTS--GENERAL INFORMATION
fixed length control field 240219b2010 ii ||||| |||| 00| j tam d
020 ## - INTERNATIONAL STANDARD BOOK NUMBER
Price 80.00
040 ## - CATALOGING SOURCE
Original cataloging agency NLI
Language of cataloging tam
Transcribing agency Tamil Division
041 0# - LANGUAGE CODE
Language code of text/sound track or separate title tam
044 ## - COUNTRY OF PUBLISHING/PRODUCING ENTITY CODE
MARC country code ii
082 04 - DEWEY DECIMAL CLASSIFICATION NUMBER
Edition number 23rd ed.
Classification number Ta 894.8113
Book number Se 482 ma
100 1# - MAIN ENTRY--PERSONAL NAME
Linkage 880-01
Personal name செந்தில்குமார், S
9 (RLIN) 1492185
245 10 - TITLE STATEMENT
Linkage 880-02
Title மஞ்சள் நிற பைத்தியங்கள்
Statement of responsibility, etc. S, செந்தில்குமார்
260 ## - PUBLICATION, DISTRIBUTION, ETC.
Place of publication, distribution, etc. சென்னை:
Name of publisher, distributor, etc. சோழன் படைப்பகம்,
Date of publication, distribution, etc. 2010.
300 ## - PHYSICAL DESCRIPTION
Extent 136p.;
Dimensions 21.7 cm.
650 #0 - SUBJECT ADDED ENTRY--TOPICAL TERM
Topical term or geographic name entry element Tamil short stories.
9 (RLIN) 813122
700 1# - ADDED ENTRY--PERSONAL NAME
Linkage 880-03
852 ## - LOCATION
Location BB
880 1# - ALTERNATE GRAPHIC REPRESENTATION
Linkage 100-01
a Senthilkumar, S
880 1# - ALTERNATE GRAPHIC REPRESENTATION
Linkage 245-02
a Mañcaḷ nira paittiyaṅkaḷ
c S, Senthilkumar
887 ## - NON-MARC INFORMATION FIELD
Data Entry Operator Name / Verifier Name K.Parthasarathivamanan/Interns
942 ## - ADDED ENTRY ELEMENTS (KOHA)
Source of classification or shelving scheme Dewey Decimal Classification
Koha item type Books
Holdings
Withdrawn status Lost status Source of classification or shelving scheme Damaged status Not for loan Collection code Home library Current library Shelving location Date acquired Source of acquisition Total Checkouts Full call number Barcode Date last seen Price effective from Koha item type
    Dewey Decimal Classification     Tamil National Library of India National Library of India Tamil - Book - Main Stack Division 05/03/2013 DB ACT   Ta 894.8113 Se 482 ma DBA000098549TAM 19/02/2024 05/03/2013 Books
                                                                           
web counter

Copyright ©2020 The National Library of India, Govt. of India ↔ Hosted by NVLI, MOC ↔ Technology and Design by National Library of India, Ministry of Culture, Govt. of India